| 000 | 00838nas a2200265 4500 | ||
|---|---|---|---|
| 001 | BR8801189 | ||
| 003 | BR-BrBNA | ||
| 005 | 20231205091049.0 | ||
| 007 | ta | ||
| 008 | 230509b bl.|||p| |||| 00| 00por d | ||
| 040 |
_aBR-BrBNA _bpor _cBiblioteca Nacional de Agricultura |
||
| 041 | _a(En) | ||
| 072 | _aM12; L70 | ||
| 100 | 1 | _aSatake, T. | |
| 100 | 1 | _aNuti Sobrinho, A. | |
| 100 | 1 | _aLopes, O.V.P. | |
| 100 | 1 | _aLopes, R.A. | |
| 100 | 1 | _aSantos, H.S.L. dos | |
| 245 | 1 | _aHaematological study of brazilian fish. III. Blood parameters in armored catfishe Hypostomus paulinus Ihering 1905 (Pisces, Loricariidae) | |
| 650 | _aCASCUDO | ||
| 650 | _aHEMATOLOGIA | ||
| 773 | 0 |
_tArs Veterinaria (Brazil) _xISSN 0102-6380 _g(1986), v. 2(2) p. 179-183 _wBR8801189 |
|
| 909 |
_a202311 _bLúcia _c55 _dLúcia Elande |
||
| 942 |
_2AGRIS _n0 _cANA |
||
| 999 |
_c122520 _d122520 |
||